| 000 | 00363nam a22001577a 4500 | ||
|---|---|---|---|
| 008 | 210308b ||||| |||| 00| 0 eng d | ||
| 020 | _a9780495813361 | ||
| 041 | _aeng | ||
| 080 |
_2eleventh editon _a159.9 |
||
| 080 | _a159.9 | ||
| 082 | _2159.9 | ||
| 100 | _a48 | ||
| 101 | _aPSI | ||
| 245 |
_aOur Sexuality _cRobert Crooks , Karla Baur |
||
| 942 |
_2udc _cBK |
||
| 999 |
_c55903 _d55903 |
||